000
00392nam a22001697a 4500
003
MPLRDC
005
20220104124957.0
008
210129b ||||| |||| 00| 0 eng d
082
_a
857.9 YW-5 v.2
100
_a
忆文著
245
_a
北绝天尊. 二
_c
260
_a
_b
毅力出版社
_c
300
_b
平
490
_a
忆文武侠专辑
650
_a
942
_c
BK
_o
857.9 YW-5 v.2
999
_c
23656
_d
23646